000 01255 a2200229 4500
001 10423
005 20260407155437.0
008 260407a2011 arg spa d
003 AR-UNSa-BCEJYS
040 _aAR-UNSa-BCEJYS
_bspa
_cAR-UNSa-BCEJYS
080 _a657.36
_xBalances de comprobación (balance estimativo). Balances de saldo. Balance intermedio
245 1 0 _aBalances
_pguía práctica para su presentación
020 _a978-987-01-1217-4
264 1 _aBuenos Aires :
_bErrepar
_c2011
300 _axxii, 324 p.
_c27 cm.
505 _a1. Cuestiones preliminares - 2. Entes comerciales, industriales y de servicio - 3. Estado de resultados - 4. Estado de evolución del patrimonio neto - 5. Estado de flujo de efectivo - 6. Información complementaria - 7. Memoria - 8. Caso práctico integral - 9. Entes sin fines de lucro - 10. Cooperativas - 11. Información por segmentos - 12. Formalidades de presentación - 13. Análisis de estados contables - 14. Normas internacionales de contabilidad
041 _aspa
942 _cBK
590 _aniveau_biblio:m niveau_hierar:0
100 1 _aOrieta, Rosa Mariel
856 4 1 _uhttps://biblioeco.unsa.edu.ar/pmb/images/libros/Balances Orieta, Rosa Mariel (2011).jpg
_yImagen de portada
_qimage/jpeg
999 _c450
_d450